De café y cafetaleros: una visión desde la experiencia de la Unión de Ejidos de la Selva /
שמור ב:
| מחבר ראשי: | |
|---|---|
| פורמט: | Texto |
| נושאים: | |
| תגים: |
הוספת תג
אין תגיות, היה/י הראשונ/ה לתייג את הרשומה!
|
MARC
| LEADER | 00000 a a2200000 04500 | ||
|---|---|---|---|
| 001 | 5324 | ||
| 003 | |||
| 040 | |||
| 100 | |a Juárez, José | ||
| 245 | |a De café y cafetaleros: |b una visión desde la experiencia de la Unión de Ejidos de la Selva / |c José Juárez | ||
| 650 | |a CAFE | ||
| 650 | |a PRODUCCION AGROPECUARIA | ||
| 650 | |a COMERCIALIZACION | ||
| 650 | |a MEXICO | ||
| 773 | |g número 302; páginas 33-39 | ||
| 999 | |c 23537 |d 23537 | ||
